Statistiques concernant Drapeaux du monde par description

Cliquez ici pour prendre le quiz!

Statistiques générales

  • Ce quiz a été pris 235 fois
  • Le résultat moyen est 12 sur 16

Statistiques - réponses

DescriptionPays% Correct
Drapeau de proportions 10:19, avec 13 bandes alternées rouges et blanches avec un canton supérieur gauche composé de 50 étoiles blanches sur fond bleu.États-Unis
94%
Drapeau de proportions 2:3, tricolore de vert, blanc et rouge, à trois bandes verticales d'égales dimensions.Italie
94%
Drapeau de proportions 2:3, tricolore de bleu, blanc et rouge, à trois bandes verticales d'égales dimensions.France
92%
Drapeau de proportions 3:5, tricolore de noir, rouge et or, à trois bandes horizontales de mêmes dimensions.Allemagne
89%
Drapeau de proportions 1:2, de rouge muni d'un carré blanc au centre haut de la largeur et s'étandant jusqu'aux bords , portant une seule feuille d'érable rouge à 11 pointes.Canada
89%
Drapeau de proportions 2:3, de blanc muni d'un disque rouge en son centreJapon
88%
Drapeau de proportions 9:14, bicolore de bleu et de blanc, à trois bandes horizontales d'égales dimensions et à soleil doré au centre de la bande centrale blanche.Argentine
86%
Drapeau de dimensions 2:3, de rouge muni d'une étoile jaune à 5 branches en son centre.Viêt Nam
77%
Drapeau de proportions 7:11, tricolore de bleu, noir et blanc, à trois bandes horizontales d'égales dimensionsEstonie
68%
Drapeau de proportions 2:3, à pairle de six couleurs, deux bandes horizontales rouge et bleue et un triangle isocèle noir côté guindant, séparés entre eux par une bande centrale verte en Y, elle-même séparée des bandes horizontales par une bande blanche et du triangle isocèle par une bande jaune.Afrique du Sud
67%
Drapeau de proportions 28:37, de rouge muni d'une croix blanche décalée côté guindant et étendues jusqu'aux bords.Danemark
67%
Drapeau de proportions 1:2, de bleu muni d'une croix centrales rouge étendues jusqu'aux quatres bords, laquelle est jointe en son centre par deux croix en forme de X blanches et rouges superposées, rejoignant toutes deux les coins.Royaume-Uni
66%
Drapeau de proportions 2:3, tricolore de rouge, blanc et noir, à trois bandes horizontales d'égales dimensions.Yémen
64%
Drapeau de proportions 2:3, avec 9 bandes alternées bleues et blanches avec un canton supérieur gauche composé dune croix blanches centrale, s'étendant jusqu'aux bords, sur fond bleu.Grèce
61%
Drapeau de proportions 2:3, tricolore de rouge, jaune et vert, à trois bandes verticales de dimensions égales.Guinée
56%
Drapeau de proportions 1:2, à large bande horizontale rouge est à deux bandes horizontales bleues plus fines, séparées de la bande centrale par des bandesblanches horizontales très fines, avec une étoile rouge à 5 branches sur un fond blanc en forme de cercle, située dans la bande centrale et décalée vers la hampeCorée du Nord
34%

Distribution des résultats

Percentile par nombre de réponses

% des personnes avec chaque résultat

Votre développement - résultats

Vous n’avez pas pris ce quiz